| 000 | 00669nam a2200193 a 4500 | ||
|---|---|---|---|
| 001 | 000024956 | ||
| 005 | 20200930023455.0 | ||
| 008 | 110208s1945 ag r 000 0 spa d | ||
| 040 |
_aDO-SdBNP _bspa _cBNPHU |
||
| 082 |
_ann* _bnn* |
||
| 100 | 1 |
_aRenan, Ernesto. _951218 |
|
| 245 | 1 | 0 |
_aSan Pablo / _cErnesto Renan ; estudio preliminar de José Luis Romero. |
| 260 |
_aBuenos Aires : _bNova, _c1945. |
||
| 300 |
_a380 p. ; _c21 cm. |
||
| 490 | 1 | _aBiblioteca histórica. Los historiadores ilustres | |
| 500 | _aIncluye referencias bibliográficas y notas al pie de las páginas. | ||
| 830 | 0 |
_aBiblioteca histórica. _pLos historiadores ilustres _951219 |
|
| 049 | _aBNGR | ||
| 999 |
_c24449 _d24449 |
||